| 000 | 00486nam a2200181Ia 4500 | ||
|---|---|---|---|
| 003 | GCL | ||
| 008 | 140319s9999 xx 000 0 eng d | ||
| 040 |
_aGCL / _cGCL |
||
| 082 | 0 | 4 |
_a953.07393 _bM A |
| 100 | 1 | _aMACKENZIE, MEILD. | |
| 245 | 1 | 0 |
_aAYYUBID CAIRO / _cMACKENZIE, MEILD. |
| 260 |
_aالقاهرة : _bTHE AMERICAN UNIVERSITY IN CAIRO PRESS ، _c1992 |
||
| 300 |
_a209 ؛ _c24 cm. |
||
| 650 | 0 | 4 | _aHISTORY |
| 650 | 0 | 4 | _aCAIRO |
| 650 | 0 | 4 | _aAYYUBID PERIOD |
| 942 |
_2ddc _cBK |
||
| 999 |
_c13743 _d13743 |
||